Glory of The Lord: (Record no. 211813)
[ view plain ]
| 000 -LEADER | |
|---|---|
| fixed length control field | 00581nam a22001817a 4500 |
| 005 - DATE AND TIME OF LATEST TRANSACTION | |
| control field | 20250616122120.0 |
| 010 ## - LCCN (DPL NO) | |
| LC control number | ENG-145377 |
| 020 ## - INTERNATIONAL STANDARD BOOK NUMBER | |
| Terms of availability | 250.00 |
| International Standard Book Number | 9781737894339 |
| 035 ## - SYSTEM CONTROL NUMBER | |
| System control number | EN-128909 |
| 037 ## - SOURCE OF ACQUISITION | |
| Source of stock number/acquisition | DBAD |
| 082 ## - DEWEY DECIMAL CLASSIFICATION NUMBER | |
| Classification number | 181.499 |
| Edition number | 1 |
| 100 ## - MAIN ENTRY--PERSONAL NAME | |
| Personal name | Pandey, Alok |
| 245 ## - TITLE STATEMENT | |
| Title | Glory of The Lord: |
| Statement of responsibility, etc | Alok Pandey |
| Remainder of title | as revealed in Savitri/ |
| 260 ## - PUBLICATION, DISTRIBUTION, ETC. (IMPRINT) | |
| Place of publication, distribution, etc | USA |
| Name of publisher, distributor, etc | Sri Aurobindo Yoga Foundation of North America |
| Date of publication, distribution, etc | 2022 |
| 270 ## - ADDRESS | |
| City | USA |
| Address | 631 Vale Drive, Morganville, NJ |
| Postal code | 07751 |
| Electronic mail address | sayfna@gmail.com |
| 300 ## - PHYSICAL DESCRIPTION | |
| Extent | 143p. |
| Dimensions | 22cm(hb) |
| 942 ## - ADDED ENTRY ELEMENTS (KOHA) | |
| Source of classification or shelving scheme | Dewey Decimal Classification |
| Item type | English Books |
| Classification part | 181.499 |
| Call number suffix | PAN |
| Edition | 1 |
| Withdrawn status | Lost status | Not for loan | Collection code | Home library | Current library | Date acquired | Source of acquisition | Cost, normal purchase price | Full call number | Barcode | Copy number | Cost, replacement price | Koha item type |
|---|---|---|---|---|---|---|---|---|---|---|---|---|---|
| Non-fiction | Mobile Library | Mobile Library | 16/06/2025 | Delivery of Books Act Division | 250.00 | 181.499 PAN | EN-128909 | 1 | 250.00 | English Books |
